Исследование пригодности глин месторождений Кайнар и Алмалы в качестве связующих добавок и адсорбентов: Отчет о НИР; Тема: х/д 5-83/89

Podrobná bibliografie
Korporativní autor: Томский политехнический институт (ТПИ) (595)
Další autoři: Бабенко С. А. (руководитель), Витюгина А. В. (исполнитель)
Jazyk:ruština
Vydáno: Томск, 1989
Témata:
Médium: MixedMaterials Kniha
KOHA link:https://koha.lib.tpu.ru/cgi-bin/koha/opac-detail.pl?biblionumber=152623

MARC

LEADER 00000nbm0a2200000 4500
001 152623
005 20231031151108.0
029 0 0 |a SU  |b 01890055012  |f ТПУ 
035 |a (RuTPU)RU\TPU\book\165479 
090 |a 152623 
100 |a 20090203d1989 k y0rusy50 ca 
101 0 |a rus 
102 |a RU 
105 |a a p 001zy 
200 1 |a Исследование пригодности глин месторождений Кайнар и Алмалы в качестве связующих добавок и адсорбентов  |e Отчет о НИР  |e Тема: х/д 5-83/89  |f Томский политехнический институт (ТПИ) ; руководитель С. А. Бабенко ; А. В. Витюгина 
210 |a Томск  |d 1989 
215 |a 67 л. 
320 |a Библиогр.: с. 60-62. 
610 1 |a отчеты о НИР 
610 1 |a глина 
610 1 |a вещественный состав 
610 1 |a бентониты 
610 1 |a монтмориллониты 
610 1 |a гидрослюда 
610 1 |a химический состав 
610 1 |a набухание 
610 1 |a водоотдача 
610 1 |a пластическая вязкость 
610 1 |a масла 
610 1 |a очистка 
610 1 |a гранулирование 
675 |a 553.611(04)  |v 3 
702 1 |a Бабенко  |b С. А.  |4 673 
702 1 |a Витюгина  |b А. В.  |4 677 
712 0 2 |a Томский политехнический институт (ТПИ)  |c (1944-1991)  |2 stltpush  |3 (RuTPU)RU\TPU\col\1123  |4 595 
801 1 |a RU  |b 63413507  |c 20090203  |g PSBO 
801 2 |a RU  |b 63413507  |c 20090928  |g RCR 
942 |c BK